Head First Design Patterns 2/e

Saved in:
Bibliographic Details
Main Author: Freeman
Format: Book
Published: Shroff Pub.
Tags: Add Tag
No Tags, Be the first to tag this record!

MARC

LEADER 00000nam a2200000Ia 4500
005 20260513122049.0
020 |a 9789385889752 
100 |a Freeman 
365 |c Rs. 
365 |b 20.00 
942 |c BK 
245 |a Head First Design Patterns 2/e 
260 |b Shroff Pub. 
999 |c 9  |d 9 
952 |0 0  |1 0  |4 0  |7 0  |a UNSW  |b UNSW  |d 2026-05-06  |g 1850.00  |i 16689  |l 0  |p 000041  |r 2026-05-13 12:20:49  |v 1850.00  |w 2026-05-13  |y BK